• 首页
  • 本馆介绍
  • 公告通知
  • 最新文献
  • 馆藏检索
  • 电子资源
  • 读者导购
  • 参考咨询
  • 我的图书馆
  • 登录
  • 详细信息显示
  • 放入我的书架
  • 预约/预借图书
  • 作者相关作品
  • 分类相关作品
  • 丛书相关作品
  • 出版社相关作品

书目信息

  • 表格格式
  • 工作单格式
  • 卡片格式
题名:
微信公众号运营
    
 
作者: 谭贤 著
分册:  
出版信息: 北京   人民邮电出版社  2017
页数: 220页
开本: 24cm
丛书名:
单 册:
中图分类: F713.365.2
科图分类:
主题词: 网络营销
电子资源:
ISBN: 978-7-115-44740-1
000 00981nam0 2200229 450
001 012001001317
005 20140921103355.0
010    @a978-7-115-44740-1@dCNY55.00
100    @a20170905d2017 em y0chiy50 ea
101 0  @achi
102    @aCN@b110000
105    @aa z 000yy
106    @ar
200 1  @a微信公众号运营@9wei xin gong zhong hao yun ying@e数据精准营销+内容运营+商业变现@f谭贤著
210    @a北京@c人民邮电出版社@d2017
215    @a220页@c图@d24cm
330    @a本书从两条主线出发帮助读者轻松掌握微信公众号运营的技巧。一条是数据分析线,通过对微信后台、新榜平台、清博平台、今日头条、一点资讯5个平台的深入剖析,帮助微信公众号运营者全面掌握平台数据分析思维和技巧;另一条是技巧线,通过对41个内容运营技巧、12个微信引流技巧、17个商业变现技巧的详细讲述,让微信公众号运营者系统掌握微信公众号平台的运营干货。
606 0  @a网络营销
690    @aF713.365.2@v5
701  0 @a谭贤@9tan xian@4著
801  0 @aCN@b上海新华@c20180901
905    @b1156208-12@dF713.365.2@e1037@f5
    
    微信公众号运营:数据精准营销+内容运营+商业变现/谭贤著.-北京:人民邮电出版社,2017
    220页:图;24cm
    
    
    ISBN 978-7-115-44740-1:CNY55.00
    本书从两条主线出发帮助读者轻松掌握微信公众号运营的技巧。一条是数据分析线,通过对微信后台、新榜平台、清博平台、今日头条、一点资讯5个平台的深入剖析,帮助微信公众号运营者全面掌握平台数据分析思维和技巧;另一条是技巧线,通过对41个内容运营技巧、12个微信引流技巧、17个商业变现技巧的详细讲述,让微信公众号运营者系统掌握微信公众号平台的运营干货。
●
相关链接 在E读中查询图书 在五车中查询图书 在当当中查询图书 在豆瓣中查询图书


正题名:微信公众号运营     索取号:F713.365.2/1037         预约/预借

序号 登录号 条形码 馆藏地/架位号 状态 备注
1 1156208   211562085   第一样本阅览室/ [索取号:F713.365.2/1037] 在馆    
2 1156209   211562094   第一借阅区/ [索取号:F713.365.2/1037] 在馆    
3 1156210   211562101   第一借阅区/ [索取号:F713.365.2/1037] 在馆    
4 1156211   211562110   第一借阅区/ [索取号:F713.365.2/1037] 在馆    
5 1156212   211562129   密集书库-海洋学院/ [索取号:F713.365.2/1037] 在馆    
唐山师范学院图书馆 欢迎您!
大连网信软件有限公司© 版权所有